Introduction to mathematical sociology

Uloženo v:
Podrobná bibliografie
Hlavní autor: Coleman, James S (Autor)
Médium: Kniha
Jazyk:angličtina
Vydáno: Nueva York The Free Press 1964
Témata:
Tagy: Přidat tag
Žádné tagy, Buďte první, kdo vytvoří štítek k tomuto záznamu!

MARC

LEADER 00000nam a2200000 a 4500
001 UCR0031
003 CL-VaPUC
008 971129e19640000US |||||||||||||||||eng|d
082 0 4 |a 301  |b COL  |2 21 
100 0 |a Coleman, James S  |e author  |9 395345 
245 1 0 |a Introduction to mathematical sociology 
300 |a 554 p 
942 |c BK 
945 |d 19971129 00:00:00  |a jquezada 
260 |a Nueva York  |b The Free Press  |c 1964 
650 7 |a SOCIOLOGIA MATEMATICA  |2 CL-VaPUC  |9 395346 
650 7 |a TEORIAS  |2 CL-VaPUC  |9 306425 
650 7 |a LENGUAJE MATEMATICO  |2 CL-VaPUC  |9 395347 
650 0 |a Ciencias  |9 327866 
650 7 |a RELACIONES  |2 CL-VaPUC  |9 268744 
650 7 |a ESTRUCTURA SOCIAL  |2 CL-VaPUC  |9 395348 
650 0 |a Lógica  |9 256849 
583 |a last modification  |c 19971129 00:00:00  |k Rodrigo Vera 
999 |c 263689  |d 263687 
952 |0 0  |1 0  |4 0  |6 301_000000000000000_COL_1964  |7 0  |8 P  |9 293069  |a BIBGIM  |b BIBGIM  |d 2019-11-19  |i 337145K  |o 301 COL 1964  |p 337145K  |r 2025-01-15  |w 2019-11-19  |y BK  |k GIM